| 000 | 01136nam a2200313 c 4500 | ||
|---|---|---|---|
| 999 |
_c148803 _d148803 |
||
| 003 | BLK | ||
| 005 | 20250716113816.0 | ||
| 008 | 180410b bul|||||r ||||||| ||bul|| | ||
| 010 | _aKNG00155031000 | ||
| 040 | _aBLK | ||
| 041 |
_aBUL _cBUL |
||
| 080 |
_aЯпонска литература _b821.521 _x-93-34 _z821.521-93-34 |
||
| 139 |
_aЯпонски приказки _bЯ 74 |
||
| 245 | 1 | 0 |
_aЯпонски приказки _cпрев. от фр. Надя Трендафилова; ил. Джани. |
| 257 | _aJAP | ||
| 260 |
_bНар. младеж _c1974 |
||
| 300 |
_a62 с. _bс ил. _c33 см |
||
| 380 | _aDX | ||
| 500 | _aЗагл. на фр. ез. Contes Japonais. - 100 125 тир. - Доп. тир. 1974. | ||
| 700 | 1 |
_aТрендафилова, Надя _eпрев. от фр. _9364008 |
|
| 700 | 1 |
_aДжани _eил. _9330122 |
|
| 852 | _aЦб ІІ 19136 | ||
| 856 | 4 | _qpdf | |
| 856 | 4 | _qpdf | |
| 942 |
_cKNG _n0 _s1 _01 |
||
| 944 |
_aCR _c27.12.2013 _lРусанова Ирена _k30542 |
||
| 944 |
_aED _c27.12.2013 _l27.12.2013 - от С1,Р / 27.12.2013 |
||
| 999 | _d148803 | ||